| 000 | 00974nas a2200241 i 4500 | ||
|---|---|---|---|
| 001 | 178457 | ||
| 003 | ES-MaACL | ||
| 005 | 20250217134900.0 | ||
| 008 | 110530d1903 g| | ||pa d | ||
| 080 | _a347(460)(094.5) | ||
| 100 | 1 |
_aEspaña _b. Tribunal Supremo _b. Sala de lo Civil. _9225972 |
|
| 245 | 1 | 0 | _aSentencias y autos del Tribunal Supremo publicados en la Gaceta de Madrid, Sala de lo Civil. |
| 260 |
_aMadrid| : _bGaceta de Madrid, _c1903-1908. |
||
| 300 |
_a169 v. ; _c32 cm. |
||
| 310 | _a2 n. al año | ||
| 362 | 0 | _aT.1 (1903)- t. 2 (1908) | |
| 650 |
_aDerecho civil- _zEspaña- _xJurisprudencia. _911662 |
||
| 780 | 0 | 0 | _tSentencias y autos del Tribunal Supremo publicados en la Gaceta de Madrid desde ... |
| 785 | 0 | 0 |
_tSentencias y autos dictados desde ... y publicados en la Gaceta de Madrid, _d1909, t. 1 (1. semestre)-Ceso ca. 1936 |
| 852 | 1 |
_aBA _jHem-176 |
|
| 866 | 0 | _o1903-4 (1905-1908) 1909-24 (1925-26) 1927-36 | |
| 999 |
_c178457 _d178457 |
||